[Event "79th POL-ch"]
[Site "Kruszwica POL"]
[Date "2022.05.09"]
[Round "1.1"]
[White "Wojtaszek, Radoslaw"]
[Black "Sabuk, Piotr"]
[Result "1-0"]
[WhiteElo "2696"]
[BlackElo "2420"]
[EventDate "2022.05.09"]
[PlyCount "79"]

1.d4 d5 2.c4 e6 3.Nf3 Nf6 4.g3 h6 5.Bg2 Bd6 6.O-O O-O 7.Qc2 b6 8.cxd5 exd5
9.Nc3 Bb7 10.Nb5 Nc6 11.Nxd6 cxd6 12.Bf4 Qd7 13.Rac1 Rfe8 14.Rfe1 Rac8 15.
Qa4 Re4 16.Nd2 Re7 17.Nb1 a6 18.Nc3 b5 19.Qd1 Na5 20.b3 b4 21.Na4 Rxc1 22.
Bxc1 Bc6 23.Nb2 Bb5 24.Nd3 Nc6 25.Nf4 Qf5 26.h3 Qb1 27.Qd2 Ne4 28.Qb2 Qxb2
29.Bxb2 Nc3 30.Bxc3 bxc3 31.a4 Nxd4 32.axb5 axb5 33.Kf1 Nxb3 34.Nxd5 Nd2+ 
35.Kg1 Ra7 36.Nxc3 b4 37.Ne4 Nc4 38.Rb1 Ra4 39.e3 f5 40.Nf6+ 1-0

[Event "79th POL-ch"]
[Site "Kruszwica POL"]
[Date "2022.05.10"]
[Round "1.2"]
[White "Sabuk, Piotr"]
[Black "Wojtaszek, Radoslaw"]
[Result "0-1"]
[WhiteElo "2420"]
[BlackElo "2696"]
[EventDate "2022.05.09"]
[PlyCount "96"]

1.d4 Nf6 2.c4 e6 3.Nc3 Bb4 4.e3 O-O 5.Bd3 c5 6.Nf3 d5 7.cxd5 exd5 8.dxc5 
Nbd7 9.O-O Bxc3 10.bxc3 Nxc5 11.Be2 Bg4 12.c4 dxc4 13.Bxc4 Rc8 14.Qxd8 
Rfxd8 15.Nd4 Ne6 16.Bxe6 Bxe6 17.Bb2 Bd7 18.a4 Rc4 19.a5 Rdc8 20.Rfb1 b5 
21.a6 Nd5 22.Rd1 b4 23.Nb3 Be6 24.Bd4 Nc3 25.Re1 Nb5 26.h3 Rc2 27.Ra5 Bc4 
28.Rb1 Nc3 29.Bxc3 bxc3 30.Nd4 Rb2 31.Rc1 Bd3 32.Ra3 Rb1 33.Rxb1 Bxb1 34.
Ne2 c2 35.Nc1 Rd8 36.Kh2 Rd1 37.Rc3 h5 38.Nb3 h4 39.Rc7 Kh7 40.Rc4 g5 41.
Rc6 Kg7 42.Rc5 Kf6 43.Rc7 Ke5 44.f4+ gxf4 45.exf4+ Kd6 46.Rxa7 Ba2 47.Ra8 
Bxb3 48.a7 Ra1 0-1

[Event "79th POL-ch"]
[Site "Kruszwica POL"]
[Date "2022.05.09"]
[Round "1.1"]
[White "Warakomski, Tomasz"]
[Black "Bartel, Mateusz"]
[Result "1/2-1/2"]
[WhiteElo "2534"]
[BlackElo "2619"]
[EventDate "2022.05.09"]
[PlyCount "154"]

1.c4 b6 2.Nc3 Bb7 3.e4 e5 4.a3 Nc6 5.d3 a5 6.Nf3 Bc5 7.g3 Nge7 8.Bg2 O-O 
9.O-O d6 10.Rb1 Qd7 11.Nh4 Bd4 12.Kh1 Ng6 13.Nf5 Nce7 14.Nxd4 exd4 15.Nd5 
Nxd5 16.cxd5 Ne7 17.b4 Ba6 18.bxa5 bxa5 19.Bb2 c5 20.dxc6 Nxc6 21.f4 Rab8 
22.Ba1 Rxb1 23.Qxb1 Rb8 24.Qc2 Rc8 25.Qd2 Qb7 26.Rc1 Qb5 27.Bh3 Rd8 28.Qc2
Bb7 29.Rb1 Qa6 30.Kg1 Bc8 31.Bf1 Bd7 32.Qc4 Qa7 33.Rc1 Qb6 34.Qd5 Be8 35.
Rc4 Qb1 36.Bxd4 Nxd4 37.Qxd4 h6 38.Qc3 Qb6+ 39.d4 Kf8 40.Qe3 Bb5 41.Rc1 
Bxf1 42.Kxf1 Qb2 43.Kg1 Rb8 44.e5 dxe5 45.dxe5 a4 46.Re1 Qc2 47.Qd4 Kg8 
48.e6 fxe6 49.Qd6 Rb1 50.Rxb1 Qxb1+ 51.Kf2 Qe4 52.Qd8+ Kf7 53.Qd7+ Kg6 54.
Qd2 Qc4 55.Qe3 Qc2+ 56.Kf3 Qb3 57.g4 h5 58.h3 h4 59.Kf2 Qc2+ 60.Qe2 Qc5+ 
61.Qe3 Qc4 62.Ke1 Kf7 63.Kf2 Kf8 64.Ke1 Qd5 65.Ke2 Qc4+ 66.Ke1 Ke7 67.f5 
Kf6 68.Qb6 Qc1+ 69.Kf2 Qd2+ 70.Kf1 Qd3+ 71.Kf2 Qd2+ 72.Kf3 Qd3+ 73.Kf2 
Qg3+ 74.Ke2 Qg2+ 75.Kd1 Qf3+ 76.Ke1 Qc3+ 77.Kf2 Qg3+ 1/2-1/2

[Event "79th POL-ch"]
[Site "Kruszwica POL"]
[Date "2022.05.10"]
[Round "1.2"]
[White "Bartel, Mateusz"]
[Black "Warakomski, Tomasz"]
[Result "1/2-1/2"]
[WhiteElo "2619"]
[BlackElo "2534"]
[EventDate "2022.05.09"]
[PlyCount "98"]

1.e4 c5 2.Nf3 e6 3.c3 Nf6 4.Bd3 d5 5.e5 Nfd7 6.Bc2 d4 7.O-O Nc6 8.Ba4 g5 
9.Qe2 Bg7 10.Qe4 h5 11.cxd4 g4 12.Ne1 cxd4 13.f4 O-O 14.Nd3 f5 15.Qe2 Qa5 
16.Bc2 Rd8 17.Na3 b5 18.b4 Nxb4 19.Nxb4 Qxb4 20.Bd3 a6 21.Nc2 Qa4 22.Ba3 
Bf8 23.Bxf8 Nxf8 24.Qf2 Ng6 25.Rfb1 Bb7 26.Rb4 Qa5 27.a4 Qc7 28.Rxd4 bxa4 
29.Raxa4 Rxd4 30.Nxd4 Qd7 31.Rb4 Rd8 32.Bc4 Bd5 33.Bxa6 Qc7 34.Bf1 Qc1 35.
Nxf5 Bxg2 36.Qxg2 Qc5+ 37.d4 Qxb4 38.Qc6 Nxf4 39.Qc7 Qf8 40.Nh6+ Qxh6 41.
Qxd8+ Qf8 42.Qg5+ Kh7 43.h3 gxh3 44.Kh2 Qh6 45.Qe7+ Qg7 46.Qh4 Qg4 47.Qe7+
Qg7 48.Qh4 Qg4 49.Qe7+ Qg7 1/2-1/2

[Event "79th POL-ch"]
[Site "Kruszwica POL"]
[Date "2022.05.10"]
[Round "1.3"]
[White "Bartel, Mateusz"]
[Black "Warakomski, Tomasz"]
[Result "1/2-1/2"]
[WhiteElo "2619"]
[BlackElo "2534"]
[EventDate "2022.05.09"]
[PlyCount "59"]

1.e4 c5 2.Nf3 d6 3.d4 cxd4 4.Nxd4 Nf6 5.Nc3 Nc6 6.Bg5 Bd7 7.Bxf6 gxf6 8.
Nf5 Qa5 9.Qd5 Qxd5 10.Nxd5 O-O-O 11.Nfe3 Kb8 12.Be2 Bg7 13.O-O-O Rhg8 14.
Bh5 e6 15.Nc3 Bh6 16.g3 Rg5 17.Be2 Be8 18.f4 Rc5 19.a3 Bf8 20.Rd3 Rc8 21.
Rhd1 Na5 22.Kb1 Be7 23.h4 a6 24.Bg4 Nc4 25.Nxc4 Rxc4 26.Re1 Bd7 27.Bh5 Be8
28.Bg4 Bd7 29.Bh5 Be8 30.Bg4 1/2-1/2

[Event "79th POL-ch"]
[Site "Kruszwica POL"]
[Date "2022.05.10"]
[Round "1.4"]
[White "Warakomski, Tomasz"]
[Black "Bartel, Mateusz"]
[Result "0-1"]
[WhiteElo "2534"]
[BlackElo "2619"]
[EventDate "2022.05.09"]
[PlyCount "125"]

1.e4 e5 2.Nf3 Nc6 3.Bc4 Nf6 4.d3 Bc5 5.O-O d6 6.c3 a6 7.a4 Ba7 8.Re1 O-O 
9.Bg5 h6 10.Bh4 g5 11.Bg3 Nh7 12.d4 Qf6 13.dxe5 Nxe5 14.Nxe5 dxe5 15.Qe2 
g4 16.Nd2 h5 17.h4 Re8 18.Nf1 Nf8 19.Ne3 c6 20.Rad1 Ng6 21.Nf5 Bxf5 22.
exf5 Qxf5 23.Bd3 Qf6 24.Bxg6 Qxg6 25.Rd7 b5 26.Red1 Bc5 27.a5 Ra7 28.Rd8 
f6 29.b4 Be7 30.Qa2+ Kg7 31.R8d7 Rxd7 32.Rxd7 Qf7 33.Qd2 Qe6 34.Ra7 Kg6 
35.Rxa6 Rd8 36.Qe2 Qd5 37.Kh2 Bd6 38.Qe3 Rd7 39.Ra8 Kg7 40.a6 c5 41.Rc8 
Ra7 42.bxc5 Be7 43.c6 Rxa6 44.Rc7 Qe6 45.Qc5 Kf8 46.Qxb5 Ra8 47.Qb7 Re8 
48.Qb5 Rc8 49.Rxc8+ Qxc8 50.Qd5 Qd8 51.Qe4 Qd6 52.f3 gxf3 53.Qxf3 Qc5 54.
Kh3 Kg7 55.Bf2 Qc4 56.Bb6 Bd6 57.Qg3+ Kf7 58.Qf3 Kg6 59.g4 Kf7 60.g5 Kg8 
61.gxf6 Kf8 62.f7 e4 63.Qf2 0-1

[Event "79th POL-ch"]
[Site "Kruszwica POL"]
[Date "2022.05.09"]
[Round "1.1"]
[White "Nasuta, Grzegorz"]
[Black "Piorun, Kacper"]
[Result "1/2-1/2"]
[WhiteElo "2511"]
[BlackElo "2635"]
[EventDate "2022.05.09"]
[PlyCount "62"]

1.e4 e6 2.d4 d5 3.e5 c5 4.c3 Nc6 5.Nf3 Bd7 6.Be2 Nge7 7.O-O Ng6 8.g3 Be7 
9.h4 O-O 10.h5 Nh8 11.h6 g5 12.Be3 cxd4 13.cxd4 f5 14.exf6 Bxf6 15.Qd2 Nf7
16.Nc3 Kh8 17.Kg2 Rg8 18.Rh1 Nd6 19.Rae1 Nf5 20.Bd1 g4 21.Nh2 Ncxd4 22.
Nxg4 Nxe3+ 23.Qxe3 Nf5 24.Qf4 Rf8 25.Nxf6 Qxf6 26.Qe5 Qxe5 27.Rxe5 Rf6 28.
Bc2 Nd4 29.Bd1 Nf5 30.Bc2 Nd4 31.Bd1 Nf5 1/2-1/2

[Event "79th POL-ch"]
[Site "Kruszwica POL"]
[Date "2022.05.10"]
[Round "1.2"]
[White "Piorun, Kacper"]
[Black "Nasuta, Grzegorz"]
[Result "1/2-1/2"]
[WhiteElo "2635"]
[BlackElo "2511"]
[EventDate "2022.05.09"]
[PlyCount "125"]

1.Nf3 d5 2.g3 Bg4 3.Bg2 e6 4.c4 c6 5.cxd5 exd5 6.d3 Nf6 7.Qb3 Nbd7 8.h3 
Nc5 9.Qc2 Bxf3 10.Bxf3 Ne6 11.Bg2 Bc5 12.Nd2 O-O 13.O-O Re8 14.Nf3 Qb6 15.
e3 a5 16.Rb1 a4 17.Bd2 Qa7 18.Rfc1 Nd7 19.Be1 Bd6 20.Bc3 Bc5 21.e4 dxe4 
22.dxe4 Ndf8 23.e5 Nd4 24.Bxd4 Bxd4 25.Re1 Bc5 26.Bf1 Ne6 27.Bc4 Nd4 28.
Nxd4 Bxd4 29.Rbd1 b5 30.Bd3 g6 31.Kg2 Bxe5 32.Qxc6 Rec8 33.Qf3 Bxb2 34.
Bxb5 Rd8 35.h4 a3 36.h5 Rab8 37.Bc4 Rxd1 38.Rxd1 Qe7 39.Qg4 Qf6 40.Rd7 Rf8
41.h6 Kh8 42.f4 Qc6+ 43.Bd5 Qc5 44.Kh3 Qc1 45.Qe2 Qc5 46.Bxf7 Qc6 47.Rd1 
Qf6 48.Bb3 g5 49.Qe6 gxf4 50.Qxf6+ Bxf6 51.gxf4 Bg5 52.Rd6 Rxf4 53.Kg3 Rh4
54.Rd5 Rh1 55.Kg2 Rh4 56.Kg3 Rh1 57.Ra5 Bxh6 58.Rxa3 Bd2 59.Bd5 Rh5 60.Rd3
Ba5 61.a4 Rg5+ 62.Kh3 h6 63.Bf3 1/2-1/2

[Event "79th POL-ch"]
[Site "Kruszwica POL"]
[Date "2022.05.10"]
[Round "1.3"]
[White "Nasuta, Grzegorz"]
[Black "Piorun, Kacper"]
[Result "1/2-1/2"]
[WhiteElo "2511"]
[BlackElo "2635"]
[EventDate "2022.05.09"]
[PlyCount "156"]

1.e4 e6 2.d4 d5 3.e5 c5 4.c3 Nc6 5.Nf3 Bd7 6.Be2 Nge7 7.O-O Ng6 8.g3 f6 9.
exf6 Qxf6 10.Bg5 Qf7 11.Nbd2 cxd4 12.cxd4 Bd6 13.Nb3 O-O 14.Be3 h6 15.Rc1 
e5 16.dxe5 Ngxe5 17.Nxe5 Bxe5 18.f4 Bxb2 19.Rb1 Ba3 20.Bf3 Kh8 21.Bc5 
Bxc5+ 22.Nxc5 Bh3 23.Rxb7 Qg6 24.Rf2 Rab8 25.Rfb2 Rxb7 26.Rxb7 Rxf4 27.
Qxd5 Rf5 28.Qe4 Qf6 29.Nd7 Qd6 30.Rb1 Rxf3 31.Qxf3 Qxd7 32.Rd1 Qe6 33.Qf2 
Qe4 34.Re1 Qd5 35.Qc2 Ne5 36.Qe4 Qxa2 37.Rd1 Nf7 38.Qe8+ Kh7 39.Qe4+ g6 
40.g4 Qb3 41.Rd7 Qb6+ 42.Kh1 Qf6 43.Rd1 h5 44.gxh5 Bf5 45.hxg6+ Bxg6 46.
Qe3 a6 47.h3 Ng5 48.Rd7+ Nf7 49.Kh2 Qb2+ 50.Rd2 Qb8+ 51.Qg3 Qb6 52.Qh4+ 
Kg8 53.Qg3 Kh7 54.Rf2 Qd4 55.Rf4 Qd2+ 56.Rf2 Qd8 57.Qf4 Ng5 58.Rg2 Ne6 59.
Qe5 Nd4 60.Rf2 Nc6 61.Qf4 Qe7 62.Qf6 Qc5 63.Qh4+ Kg8 64.Qf6 Qe5+ 65.Qxe5 
Nxe5 66.Ra2 Bd3 67.Kg3 Kf7 68.Kf4 Kf6 69.Ke3 Bb5 70.Kd4 Nd7 71.Kd5 Kg5 72.
Kd6 Nf6 73.Kc5 Bd3 74.Ra3 Be2 75.Kb6 Nd5+ 76.Kc5 Nf6 77.Kb6 Nd7+ 78.Ka7 
Bb5 1/2-1/2

[Event "79th POL-ch"]
[Site "Kruszwica POL"]
[Date "2022.05.10"]
[Round "1.4"]
[White "Piorun, Kacper"]
[Black "Nasuta, Grzegorz"]
[Result "1/2-1/2"]
[WhiteElo "2635"]
[BlackElo "2511"]
[EventDate "2022.05.09"]
[PlyCount "98"]

1.Nf3 d5 2.g3 Bg4 3.Bg2 e6 4.c4 c6 5.cxd5 exd5 6.Qb3 Qc7 7.d3 Nd7 8.h3 Nc5
9.Qc2 Bxf3 10.Bxf3 Ne6 11.Bg2 h5 12.Nc3 h4 13.g4 Nf6 14.Bd2 d4 15.Ne4 Nd5 
16.a3 Be7 17.Bf3 Qe5 18.Rg1 Ndf4 19.Rh1 g6 20.O-O-O O-O-O 21.Kb1 Nd5 22.
Bc1 Kb8 23.Nd2 Bg5 24.Nc4 Qc7 25.Qb3 Rhe8 26.e3 dxe3 27.fxe3 Nc5 28.Qc2 
Nxe3 29.Nxe3 Bxe3 30.d4 Bxc1 31.Qxc5 Be3 32.Rd3 Re6 33.Rhd1 Qf4 34.Bh1 
Red6 35.Qb4 Bxd4 36.Bxc6 Rxc6 37.Rxd4 Rxd4 38.Rxd4 Qf1+ 39.Ka2 Qf6 40.Re4 
a6 41.Re8+ Ka7 42.Qf8 Qf4 43.Ra8+ Kb6 44.Qd8+ Rc7 45.Qxh4 Qc4+ 46.Ka1 Qc1+
47.Ka2 Qc4+ 48.Ka1 Qf1+ 49.Ka2 Qc4+ 1/2-1/2

[Event "79th POL-ch"]
[Site "Kruszwica POL"]
[Date "2022.05.10"]
[Round "1.5"]
[White "Nasuta, Grzegorz"]
[Black "Piorun, Kacper"]
[Result "0-1"]
[WhiteElo "2511"]
[BlackElo "2635"]
[EventDate "2022.05.09"]
[PlyCount "60"]

1.e4 e6 2.d4 d5 3.e5 c5 4.c3 Nc6 5.Nf3 Bd7 6.Be2 Nge7 7.O-O Ng6 8.g3 f6 9.
exf6 Qxf6 10.Be3 cxd4 11.Nxd4 Bd6 12.Nb5 Bb8 13.Nd2 a6 14.Nd4 e5 15.Nxc6 
bxc6 16.Bc5 Ba7 17.Bxa7 Rxa7 18.Bg4 O-O 19.Bxd7 Rxd7 20.Qe2 Qg5 21.Qe3 Qg4
22.f3 Qh3 23.Rae1 Rdf7 24.b4 h5 25.Qg5 Kh7 26.Rf2 e4 27.Ref1 Rf5 28.Qe3 
Ne5 29.fxe4 Ng4 30.Rxf5 Nxe3 0-1

[Event "79th POL-ch"]
[Site "Kruszwica POL"]
[Date "2022.05.10"]
[Round "1.6"]
[White "Piorun, Kacper"]
[Black "Nasuta, Grzegorz"]
[Result "1-0"]
[WhiteElo "2635"]
[BlackElo "2511"]
[EventDate "2022.05.09"]
[PlyCount "86"]

1.d4 d5 2.c4 e6 3.Nf3 c6 4.Nbd2 Nf6 5.g3 Nbd7 6.Bg2 b6 7.O-O Bb7 8.b3 Be7 
9.Bb2 O-O 10.Qc2 Rc8 11.Rac1 Re8 12.Rfd1 Qc7 13.e4 dxe4 14.Nxe4 Nxe4 15.
Qxe4 c5 16.Qe2 Bf8 17.Ne5 Nb8 18.dxc5 Bxg2 19.Kxg2 bxc5 20.Qf3 f6 21.Ng4 
Nc6 22.Ne3 Rcd8 23.Nc2 e5 24.Ne3 Nd4 25.Nd5 Qf7 26.Qe3 g6 27.f3 Bg7 28.Qf2
f5 29.Re1 a5 30.Rcd1 Qb7 31.Bc3 a4 32.Rb1 axb3 33.axb3 Qc6 34.b4 cxb4 35.
Rxb4 Rxd5 36.cxd5 Qxc3 37.Rxd4 Rd8 38.Rd2 Rd6 39.Rb1 h5 40.Qe2 Qc5 41.Rbd1
Kh7 42.Rc2 Qb4 43.Qc4 Qb7 1-0

[Event "79th POL-ch"]
[Site "Kruszwica POL"]
[Date "2022.05.09"]
[Round "1.1"]
[White "Moranda, Wojciech"]
[Black "Kosakowski, Jakub"]
[Result "1-0"]
[WhiteElo "2630"]
[BlackElo "2435"]
[EventDate "2022.05.09"]
[PlyCount "81"]

1.e4 c5 2.Nf3 d6 3.d4 cxd4 4.Nxd4 Nf6 5.Nc3 a6 6.Rg1 e5 7.Nb3 h5 8.h3 h4 
9.Be3 Be6 10.Qd2 Nbd7 11.f4 Rc8 12.O-O-O b5 13.Kb1 Be7 14.f5 Bc4 15.a3 
Bxb3 16.cxb3 Nc5 17.Bxc5 Rxc5 18.b4 Rc8 19.Be2 Qb6 20.g4 hxg3 21.Rxg3 Rh7 
22.Bf3 Rc4 23.Qg2 Bf8 24.Be2 Rd4 25.Rxd4 Qxd4 26.Rd3 Qb6 27.Bd1 Be7 28.Bb3
a5 29.Nd5 Nxd5 30.bxa5 Qxa5 31.Bxd5 b4 32.Qc2 Qa6 33.axb4 Bd8 34.Bc6+ Ke7 
35.Rxd6 Bb6 36.Rd7+ Kf6 37.b5 Qa5 38.Qc3 Qxc3 39.bxc3 Rxh3 40.Bd5 Kg5 41.
Rxf7 1-0

[Event "79th POL-ch"]
[Site "Kruszwica POL"]
[Date "2022.05.10"]
[Round "1.2"]
[White "Kosakowski, Jakub"]
[Black "Moranda, Wojciech"]
[Result "1/2-1/2"]
[WhiteElo "2435"]
[BlackElo "2630"]
[EventDate "2022.05.09"]
[PlyCount "66"]

1.e4 c6 2.d4 d5 3.e5 Bf5 4.Nf3 e6 5.Be2 c5 6.Be3 Qb6 7.O-O Qxb2 8.c4 Ne7 
9.Nbd2 Nbc6 10.Nb3 dxc4 11.Bxc4 Rd8 12.Nxc5 Nd5 13.Bxd5 Rxd5 14.Nd3 Qa3 
15.Nf4 Rd7 16.d5 Be4 17.Rb1 Bxd5 18.Nxd5 Rxd5 19.Qc2 Qa6 20.Rfd1 Rxd1+ 21.
Rxd1 Be7 22.Nd4 O-O 23.Nxc6 bxc6 24.Rd7 Bb4 25.Rxa7 Qb5 26.a3 Ba5 27.h3 
Rb8 28.Qe4 Bb6 29.a4 Qb3 30.Bxb6 Qxb6 31.Rd7 Qb1+ 32.Qxb1 Rxb1+ 33.Kh2 g5 
1/2-1/2

[Event "79th POL-ch"]
[Site "Kruszwica POL"]
[Date "2022.05.09"]
[Round "1.1"]
[White "Socko, Bartosz"]
[Black "Szpar, Milosz"]
[Result "1/2-1/2"]
[WhiteElo "2636"]
[BlackElo "2434"]
[EventDate "2022.05.09"]
[PlyCount "60"]

1.d4 d5 2.Nf3 Nf6 3.c4 dxc4 4.e3 e6 5.Bxc4 c5 6.O-O a6 7.a4 b6 8.Qe2 Bb7 
9.Rd1 Nbd7 10.Nc3 Qc7 11.b3 cxd4 12.exd4 Bb4 13.Na2 Be7 14.Bb2 Nd5 15.Rac1
Qd6 16.Nc3 N7f6 17.Nxd5 Nxd5 18.Ne5 O-O 19.Qg4 Rac8 20.h4 Rc7 21.h5 Rfc8 
22.Ra1 Qd8 23.Rd3 Bf8 24.Rg3 f5 25.Qd1 Qe8 26.h6 g6 27.Qd2 Bb4 28.Qe2 Bf8 
29.Qd2 Bb4 30.Qe2 Bf8 1/2-1/2

[Event "79th POL-ch"]
[Site "Kruszwica POL"]
[Date "2022.05.10"]
[Round "1.2"]
[White "Szpar, Milosz"]
[Black "Socko, Bartosz"]
[Result "0-1"]
[WhiteElo "2434"]
[BlackElo "2636"]
[EventDate "2022.05.09"]
[PlyCount "76"]

1.e4 e6 2.d4 d5 3.e5 c5 4.c3 Nc6 5.Nf3 Bd7 6.Be2 Nge7 7.O-O Ng6 8.Na3 Be7 
9.Nc2 O-O 10.Re1 cxd4 11.cxd4 Qb6 12.Bd2 Na5 13.Bc3 Rfc8 14.g3 Bb5 15.h4 
Bxe2 16.Rxe2 Nc4 17.h5 Nf8 18.Rb1 h6 19.Nfe1 a5 20.Nd3 Qc7 21.Be1 b5 22.b3
Na3 23.Rc1 Qb6 24.Nxa3 Bxa3 25.Rxc8 Rxc8 26.Rc2 Rxc2 27.Qxc2 Qxd4 28.Bxa5 
Qe4 29.Bc7 Nh7 30.Bd6 Ng5 31.Qd1 Nf3+ 32.Kf1 b4 33.Qe2 Nh2+ 34.Ke1 Qh1+ 
35.Kd2 Nf3+ 36.Ke3 d4+ 37.Kf4 Ng1 38.Qg4 Nh3+ 0-1

[Event "79th POL-ch"]
[Site "Kruszwica POL"]
[Date "2022.05.09"]
[Round "1.1"]
[White "Gumularz, Szymon"]
[Black "Teclaf, Pawel"]
[Result "0-1"]
[WhiteElo "2513"]
[BlackElo "2537"]
[EventDate "2022.05.09"]
[PlyCount "90"]

1.d4 d5 2.c4 dxc4 3.e3 e5 4.Bxc4 exd4 5.exd4 Bd6 6.Nf3 Nf6 7.Qe2+ Qe7 8.
Qxe7+ Bxe7 9.O-O O-O 10.Nc3 Bd6 11.Bg5 Nc6 12.Rfe1 Bf5 13.Bxf6 gxf6 14.Nd5
Kg7 15.Ne3 Bg6 16.Rad1 Rad8 17.a3 Ne7 18.Bd3 Rfe8 19.g4 c6 20.Kg2 Bc7 21.
h4 h5 22.Bxg6 fxg6 23.gxh5 gxh5 24.Rg1 Kf7 25.Kf1 Bf4 26.Ng2 Bh6 27.Ke2 
Nf5+ 28.Kd3 c5 29.Kc4 Re2 30.dxc5 Rxd1 31.Rxd1 Rxf2 32.Nfe1 Rxb2 33.Kc3 
Re2 34.Rb1 Re7 35.Nd3 Rc7 36.Kb4 Bf8 37.Kb5 Nd4+ 38.Ka4 b6 39.Ngf4 bxc5 
40.Nxh5 c4 41.Nb4 Bxb4 42.axb4 c3 43.Nf4 Rc6 44.b5 c2 45.Rc1 Rc4+ 0-1

[Event "79th POL-ch"]
[Site "Kruszwica POL"]
[Date "2022.05.10"]
[Round "1.2"]
[White "Teclaf, Pawel"]
[Black "Gumularz, Szymon"]
[Result "1/2-1/2"]
[WhiteElo "2537"]
[BlackElo "2513"]
[EventDate "2022.05.09"]
[PlyCount "61"]

1.e4 d6 2.d4 Nf6 3.Nc3 g6 4.Nf3 Bg7 5.Be3 Bg4 6.h3 Bxf3 7.Qxf3 Nc6 8.O-O-O
O-O 9.g4 e5 10.dxe5 Nd7 11.exd6 Bxc3 12.bxc3 cxd6 13.Bh6 Qa5 14.Bxf8 Rxf8 
15.Qe3 Qxa2 16.Bb5 Nb6 17.Kd2 Ne5 18.Ke1 Qxc2 19.Be2 Rc8 20.Rc1 Qb2 21.Qd2
Qa3 22.Kf1 Nbc4 23.Bxc4 Rxc4 24.Kg2 Rxe4 25.Rhd1 Qa4 26.Qxd6 Rxg4+ 27.hxg4
Qxg4+ 28.Kf1 Qc4+ 29.Kg1 Qg4+ 30.Kf1 Qc4+ 31.Kg1 1/2-1/2

[Event "79th POL-ch"]
[Site "Kruszwica POL"]
[Date "2022.05.09"]
[Round "1.1"]
[White "Licznerski, Lukasz"]
[Black "Tomczak, Jacek"]
[Result "1/2-1/2"]
[WhiteElo "2439"]
[BlackElo "2584"]
[EventDate "2022.05.09"]
[PlyCount "146"]

1.e4 c5 2.Nf3 d6 3.Bb5+ Nd7 4.c3 Nf6 5.Qe2 a6 6.Ba4 b5 7.Bc2 e5 8.d4 Be7 
9.Nbd2 cxd4 10.cxd4 O-O 11.O-O Qc7 12.Nb3 a5 13.Bd3 a4 14.Nbd2 b4 15.Nc4 
exd4 16.Nxd4 Nc5 17.Bf4 Ba6 18.Nf5 Rad8 19.Rfc1 Rfe8 20.Bg5 d5 21.Nce3 
Bxd3 22.Qxd3 Qe5 23.Nxe7+ Qxe7 24.Rxc5 Qxc5 25.Bxf6 dxe4 26.Qxd8 Rxd8 27.
Bxd8 Qd4 28.Rd1 Qxb2 29.Be7 h6 30.h4 b3 31.axb3 axb3 32.Bc5 Qa2 33.Bd4 b2 
34.Bxb2 Qxb2 35.h5 Qe2 36.Rd8+ Kh7 37.g4 f5 38.gxf5 Qxh5 39.Rd6 Qg5+ 40.
Kf1 h5 41.Rg6 Qf4 42.Rg3 Kg8 43.Rh3 Qg5 44.Rg3 Qh4 45.Kg2 Kf7 46.Rh3 Qf4 
47.Kg1 Qh6 48.Rg3 Qa6 49.Kg2 Qe2 50.Rh3 Kf6 51.Rg3 h4 52.Rh3 Qh5 53.Kg1 
Ke5 54.Kg2 Kd4 55.Kg1 Kd3 56.Ng2+ Kd2 57.Rxh4 Qxf5 58.Rf4 Qg6 59.Rh4 Qf5 
60.Rf4 Qe5 61.Rf8 Qa1+ 62.Kh2 Ke2 63.Ne3 Qe5+ 64.Kg1 Qd6 65.Rf5 g6 66.Rf7 
g5 67.Kg2 Qh6 68.Ra7 Qe6 69.Ra5 g4 70.Rf5 Qg6 71.Kg3 Qh7 72.Kxg4 Qh2 73.
Rf4 Qxf2 1/2-1/2

[Event "79th POL-ch"]
[Site "Kruszwica POL"]
[Date "2022.05.10"]
[Round "1.2"]
[White "Tomczak, Jacek"]
[Black "Licznerski, Lukasz"]
[Result "1-0"]
[WhiteElo "2584"]
[BlackElo "2439"]
[EventDate "2022.05.09"]
[PlyCount "91"]

1.d4 d5 2.c4 c6 3.Nc3 dxc4 4.e3 b5 5.a4 b4 6.Ne4 Qd5 7.Nd2 c3 8.bxc3 bxc3 
9.Nb1 Qa5 10.Qc2 Na6 11.Qxc3 Nb4 12.Bd2 e6 13.Nf3 Nf6 14.Ne5 Ne4 15.Qc1 
Bb7 16.Be2 Be7 17.O-O O-O 18.f3 Nxd2 19.Nxd2 Ba6 20.Bxa6 Qxa6 21.Ne4 Rfc8 
22.Nc5 Qa5 23.Qc3 Bxc5 24.dxc5 Qc7 25.e4 a5 26.Nc4 Rd8 27.Nd6 Qa7 28.Rfd1 
Nd5 29.Qd4 e5 30.Qf2 Nf4 31.Rab1 Ne2+ 32.Qxe2 Rxd6 33.Rb6 Rad8 34.Rxd6 
Rxd6 35.Qa6 Rd1+ 36.Kf2 Qe7 37.Rb8+ Rd8 38.Qb6 Rf8 39.Rxf8+ Kxf8 40.Qxc6 
Qh4+ 41.Kf1 Qxh2 42.Qd6+ Ke8 43.c6 Qh1+ 44.Kf2 Qh4+ 45.Ke2 Qg5 46.g4 1-0

[Event "79th POL-ch"]
[Site "Kruszwica POL"]
[Date "2022.05.09"]
[Round "1.1"]
[White "Gajewski, Grzegorz"]
[Black "Janik, Igor"]
[Result "1-0"]
[WhiteElo "2589"]
[BlackElo "2525"]
[EventDate "2022.05.09"]
[PlyCount "73"]

1.e4 c6 2.d4 d5 3.e5 Bf5 4.c4 e6 5.Nc3 Ne7 6.a3 dxc4 7.Bxc4 Nd7 8.Nge2 Nb6
9.Ba2 h6 10.O-O Bh7 11.Ng3 Qd7 12.Be3 Nf5 13.Nxf5 Bxf5 14.g4 Bh7 15.f4 
O-O-O 16.Qf3 h5 17.h3 hxg4 18.hxg4 Bd3 19.Rfc1 Kb8 20.Bf2 Bc4 21.Bxc4 Nxc4
22.Ne4 Nb6 23.Kg2 Be7 24.f5 Bh4 25.Bg1 Nd5 26.Rf1 Be7 27.Bh2 Ka8 28.f6 
gxf6 29.exf6 Nxf6 30.Nxf6 Qxd4 31.Rad1 Qxb2+ 32.Rf2 Rxh2+ 33.Kxh2 Qe5+ 34.
Kh3 Bxf6 35.Rxd8+ Bxd8 36.Qxf7 Bc7 37.Qxc7 1-0

[Event "79th POL-ch"]
[Site "Kruszwica POL"]
[Date "2022.05.10"]
[Round "1.2"]
[White "Janik, Igor"]
[Black "Gajewski, Grzegorz"]
[Result "1/2-1/2"]
[WhiteElo "2525"]
[BlackElo "2589"]
[EventDate "2022.05.09"]
[PlyCount "108"]

1.e4 e5 2.Nf3 Nc6 3.Bc4 Bc5 4.b4 Bxb4 5.c3 Ba5 6.d4 d6 7.Qb3 Qd7 8.O-O Bb6
9.Nbd2 Na5 10.Qb1 Ne7 11.dxe5 Nxc4 12.Nxc4 Qc6 13.exd6 Qxc4 14.dxe7 Bc5 
15.Ne5 Qa4 16.Bg5 f6 17.Nd3 Bxe7 18.Bf4 Qc4 19.Rd1 O-O 20.Qb3 Qxb3 21.axb3
Be6 22.c4 c6 23.Be3 Rfd8 24.Nf4 Bf7 25.Rxd8+ Rxd8 26.Bxa7 Ra8 27.Bd4 Rxa1+
28.Bxa1 b5 29.cxb5 cxb5 30.Nd5 Bxd5 31.exd5 Bc5 32.g4 Kf7 33.Kg2 Ke7 34.
Kf3 Kd6 35.Ke4 Bxf2 36.Bb2 Kd7 37.Ba3 g6 38.Bb2 Ke7 39.Bc3 Bh4 40.Bb4+ Kd7
41.Bc5 Be1 42.Be3 Bb4 43.h4 Be7 44.Bf2 Bd6 45.Be1 Ke7 46.Kd4 Kf7 47.h5 Ke7
48.Ba5 Kd7 49.Bb6 Ke7 50.Bc5 Kd7 51.Bxd6 Kxd6 52.b4 f5 53.gxf5 gxf5 54.h6 
f4 1/2-1/2

[Event "79th POL-ch"]
[Site "Kruszwica POL"]
[Date "2022.05.11"]
[Round "2.1"]
[White "Gajewski, Grzegorz"]
[Black "Wojtaszek, Radoslaw"]
[Result "0-1"]
[WhiteElo "2589"]
[BlackElo "2696"]
[EventDate "2022.05.09"]
[PlyCount "190"]

1.e4 e5 2.Nf3 Nc6 3.Bc4 Nf6 4.d3 Be7 5.O-O O-O 6.Re1 d6 7.a3 Nd7 8.Nc3 Nb6
9.Ba2 Kh8 10.b4 Bg4 11.h3 Bxf3 12.Qxf3 Nd4 13.Qd1 Bg5 14.Be3 c6 15.Rf1 Bf6
16.Rb1 d5 17.Qd2 Ne6 18.Bxb6 axb6 19.exd5 Nf4 20.dxc6 Rxa3 21.Rb3 Rxb3 22.
Bxb3 bxc6 23.Qe3 Qc7 24.Qe4 Be7 25.b5 cxb5 26.Nxb5 Qc5 27.Bc4 f5 28.Qb7 
Bh4 29.Qf3 Bg5 30.Re1 e4 31.Qg3 Bh6 32.Kf1 Qb4 33.Nd4 Qc3 34.Ne6 Nxe6 35.
Bxe6 f4 36.Qh4 e3 37.Qe7 g6 38.Bg4 Qxc2 39.Be2 Qb2 40.Qe4 Bg7 41.Qf3 exf2 
42.Qxf2 Bd4 43.Qf3 Bc5 44.Qe4 Rf5 45.Qa8+ Kg7 46.Qa1 Qxa1 47.Rxa1 Be3 48.
Ra7+ Rf7 49.Rxf7+ Kxf7 50.d4 Bxd4 51.Bc4+ Kf6 52.Ke2 Ke5 53.Bg8 h6 54.Bf7 
g5 55.Be8 Kd5 56.Kf3 Kc5 57.Ke4 Bf2 58.Bf7 b5 59.Kd3 Kd6 60.Ke4 Ke7 61.Bh5
b4 62.Bd1 Kf6 63.Ba4 Be1 64.Bd1 Kg6 65.Ke5 Bg3 66.Ke4 Bf2 67.Ke5 Bb6 68.
Ke4 Bc7 69.Kd5 Bd8 70.Ke4 Be7 71.Ke5 Bf8 72.Ke4 Bg7 73.Kd5 Bc3 74.Ke4 Kf6 
75.Bb3 Be1 76.Bd1 Ke6 77.Bb3+ Kd6 78.Bd1 Kc5 79.Bb3 Kb5 80.Kd3 Kc5 81.Ke4 
Bf2 82.Kd3 Kd6 83.Ke4 Bb6 84.Kf5 Bd8 85.Kg6 Ke5 86.Kxh6 Kd4 87.Kh5 Kc3 88.
Be6 b3 89.Kg4 b2 90.Bf5 Kd2 91.Bg6 Ke3 92.Bb1 Be7 93.Bg6 Kf2 94.Be4 Bd8 
95.h4 Ke3 0-1

[Event "79th POL-ch"]
[Site "Kruszwica POL"]
[Date "2022.05.12"]
[Round "2.2"]
[White "Wojtaszek, Radoslaw"]
[Black "Gajewski, Grzegorz"]
[Result "1-0"]
[WhiteElo "2696"]
[BlackElo "2589"]
[EventDate "2022.05.09"]
[PlyCount "61"]

1.d4 Nf6 2.c4 e6 3.Nf3 Bb4+ 4.Bd2 Be7 5.g3 a6 6.Bg2 b5 7.Qb3 Nc6 8.O-O Rb8
9.c5 d6 10.cxd6 cxd6 11.Rc1 Bb7 12.a4 b4 13.Qd3 O-O 14.Bg5 e5 15.Bxf6 Bxf6
16.Nbd2 d5 17.dxe5 Nxe5 18.Nxe5 Bxe5 19.Rab1 Qf6 20.Qb3 a5 21.Nf3 Bd6 22.
e3 Rbc8 23.Nd4 Qe5 24.Qd3 Qe8 25.Rxc8 Qxc8 26.Nf5 Rd8 27.Bxd5 Ba6 28.Qe4 
Bf8 29.Nd4 Qc5 30.Bxf7+ Kh8 31.Bb3 1-0

[Event "79th POL-ch"]
[Site "Kruszwica POL"]
[Date "2022.05.11"]
[Round "2.1"]
[White "Moranda, Wojciech"]
[Black "Bartel, Mateusz"]
[Result "1-0"]
[WhiteElo "2630"]
[BlackElo "2619"]
[EventDate "2022.05.09"]
[PlyCount "83"]

1.e4 e5 2.Nf3 Nc6 3.Bb5 a6 4.Ba4 Nf6 5.O-O Be7 6.d3 b5 7.Bb3 d6 8.a3 Na5 
9.Ba2 c5 10.Bd2 Nc6 11.Nc3 Be6 12.Nd5 Nd4 13.Nxd4 exd4 14.Nxf6+ Bxf6 15.
Bxe6 fxe6 16.Qh5+ g6 17.Qg4 Qd7 18.f4 O-O 19.Rf2 Rf7 20.Raf1 Bg7 21.h4 d5 
22.Re2 dxe4 23.Rxe4 Re8 24.Rfe1 Rf5 25.Qe2 e5 26.g4 Rff8 27.Kg2 Qc6 28.Qf3
Re7 29.b4 Ra7 30.bxc5 a5 31.Rxe5 Qxf3+ 32.Kxf3 Bxe5 33.Rxe5 b4 34.a4 Rd8 
35.Ke4 Kf7 36.f5 Rad7 37.c6 Rc7 38.Re6 gxf5+ 39.gxf5 Rdc8 40.Kd5 Re7 41.
Rxe7+ Kxe7 42.Bg5+ 1-0